01328nam a2200301Ia 450000500170000000800410001702000150005808200170007310000160009024500730010625000190017930000430019850000440024160000380028565000480032365000360037165000340040794200120044126400440045333600270049733700330052433800280055704000350058599900150062095201300063595201330076595201280089820220317000641.0160601s2003 ck a g 000 0 spa  a958682511604a925.1 bA66t1 aTonda, Juan13aEl matemático que defendío su ciudad bArquímides cJuan Tonda a1a. edición  a100 páginas bilustraciones c22 cm  aIncluye índice análitico y glosario14aArquímedesd 287-212 a.C951869142LEMBaCientíficos griegos vBiografías 14aMatemáticas xHistoria 2LEMB142LEMBaGeometría xHistoria  2ddccBK aBogotá bColcienciasbAlfaomegac2003 atextobtxt2rdacontent asin mediaciónbn2rdamedia avolumenbnc2rdacarrier aCO-BoRNBPbspaerdacCO-BoRNBP c4669d4669 00102ddc40708GENaMEPRICObMEPRICOcGENd2023-04-20l0o925.1A66tpPR000001053r2023-04-20 00:00:00tEj.1w2023-04-20yBK 00102ddc40708GENaMEMAPIRIbMEMAPIRIcGENd2024-01-10l0o925.1 A66tpMAP00001601r2024-01-10 20:22:42tEj.1w2024-01-10yBK 00102ddc40708GENaMEURIBEbMEURIBEcGENd2024-08-23l0o925.1 A66tpURI01237r2024-08-23 09:42:02tEj.1w2024-08-23yBK